000 00892nas a2200289 4500
001 BR9200582
003 BR-BrBNA
005 20231205092257.0
007 ta
008 230509b bl.|||p| |||| 00| 00por d
040 _aBR-BrBNA
_bpor
_cBiblioteca Nacional de Agricultura
041 _a(Pt)
072 _aE20; E14
100 1 _aNobre, J.M.
100 1 _aPaniago, E.
100 1 _aOliveira, E.B. de
100 1 _aAlvarenga, S.C. de
100 1 _aBarbosa, T.
245 1 _aAnalise de rentabilidade de empresas privadas de planejamento e assistencia tecnica na agricultura
650 _aEMPRESA AGRICOLA
650 _aRENTABILIDADE
650 _aPLANEJAMENTO AGRICOLA
650 _aASSISTENCIA TECNICA
773 0 _tRevista Ceres (Brazil)
_xISSN 0034-737X
_g(Nov-Dec 1981), v. 28(160) p. 560-579
_wBR9200582
909 _a202311
_bLúcia
_c55
_dLúcia Elande
942 _2AGRIS
_n0
_cANA
999 _c130610
_d130610